| 000 | 00653nam a2200205Ia 4500 | ||
|---|---|---|---|
| 008 | 131103s9999 xx 000 0 und d | ||
| 040 | _aLoreto College | ||
| 041 | _aEnglish | ||
| 082 |
_a658.11/TOW _bLCLIB/25723 |
||
| 100 | _aTownsend, Robert | ||
| 245 |
_aUp the organization _b how to stop the corporation from stifling people and strangling profits _cby Robert Townsend |
||
| 260 |
_aGreenwich _bFawcett Publications _c1970 |
||
| 300 |
_axix, 98 p. _c 21 cm. |
||
| 630 | _aInitiation of business enterprises | ||
| 630 | _aOrganisation finance | ||
| 650 | _aManagement | ||
| 651 | _aManagement | ||
| 850 | _aLCLIB/658.1145/TOW | ||
| 942 | _cBK | ||
| 999 |
_c2676 _d53155 |
||